000 00257nam a2200109Ia 4500
008 200302s9999 xx 000 0 und d
100 _aDr. Li hong
245 _aSenior housing
260 _bDesign Media Publishing (UK) Ltd.,
260 _c2016
300 _a282
999 _c6219
_d6219